【E17】関越道と交差する鉄道路線 - Statistics

General Stats
  • This quiz has been taken 176 times
  • The average score is 11 of 13
Answer Stats
路線 交差区間 % Correct
上越新幹線 高崎〜本庄早稲田越後湯沢〜上毛高原 長岡〜浦佐
99%
JR上越線 伊野〜新前橋越後川口〜北堀之内 など
97%
JR高崎線 倉賀野〜新町
91%
東武東上本線 つきのわ〜森林公園
90%
JR信越本線 来迎寺〜前川
90%
JR武蔵野線 東所沢〜新座
89%
JR川越線 笠幡〜的場
89%
秩父鉄道秩父本線 小前田〜ふかや花園
86%
西武新宿線 南大塚〜本川越
82%
北越急行ほくほく線 魚沼丘陵〜六日町
75%
東武越生線 一本松〜坂戸
74%
JR只見線 小出〜藪神
70%
JR飯山線 内ヶ巻〜越後川口
70%
No matching quizzes found
Score Distribution
Percent of People with Each Score
Percentile by Number Answered
Your Score History
You have not taken this quiz